Central Library OPAC University of Rajshahi

Economic policy and full employment / (Record no. 45558)

MARC details
000 -LEADER
fixed length control field 00685nam a2200217 a 4500
001 - CONTROL NUMBER
control field 45558
003 - CONTROL NUMBER IDENTIFIER
rucl marc code BD-RjUL
005 - DATE AND TIME OF LATEST TRANSACTION
control field 20211209054031.0
008 - FIXED-LENGTH DATA ELEMENTS--GENERAL INFORMATION
fixed length control field 270716s1947 nyua bs 00110 eng
035 ## - SYSTEM CONTROL NUMBER
System control number (BD-RjUL)45676
040 ## - CATALOGING SOURCE
Original cataloging agency ANL
Language of cataloging eng
Transcribing agency WaSSh
Modifying agency BD-RjUL
041 ## - LANGUAGE CODE
Language code of text/sound track or separate title eng
082 0# - DEWEY DECIMAL CLASSIFICATION NUMBER
Classification number 338.973
Edition number 23
Author mark and year HAE 1947
100 1# - MAIN ENTRY--PERSONAL NAME
Personal name Hansen, Alvin H.
Dates associated with a name 1887-
9 (RLIN) 139459
245 10 - TITLE STATEMENT
Title Economic policy and full employment /
Statement of responsibility, etc. Alvin H. Hansen.
260 ## - PUBLICATION, DISTRIBUTION, ETC. (IMPRINT)
Place of publication, distribution, etc. New York,
-- London,
Name of publisher, distributor, etc. Whittlesey house,
-- McGraw-Hill book company, inc.
Date of publication, distribution, etc. [1947]
300 ## - PHYSICAL DESCRIPTION
Pagination xii, 340 p. :
Illustrations ill ;
Size 24 cm.
650 #0 - SUBJECT ADDED ENTRY--TOPICAL TERM
Topical term or geographic name as entry element Economic policy.
9 (RLIN) 139460
651 #0 - SUBJECT ADDED ENTRY--GEOGRAPHIC NAME
Geographic name United States
General subdivision Economic policy.
9 (RLIN) 139461
942 ## - ADDED ENTRY ELEMENTS (KOHA)
Source of classification or shelving scheme Dewey Decimal Classification
Koha item type Books
Holdings
Lost status Source of classification or shelving scheme Damaged status Not for loan Collection code Permanent Location Current Location Shelving location Date acquired Source of acquisition Cost, normal purchase price Total Checkouts Full call number Date last seen Copy number Koha item type
  Dewey Decimal Classification     Non-fiction Central Library, University of Rajshahi Central Library, University of Rajshahi   05/07/1955 Falcon publication 9.00   338.973 HAE 1947 27/07/2016 C-2 Books